Study of the interaction of lanthanum, neodymium and gadolinium oxides with ammonium fluoride; AIP Conference Proceedings; Vol. 2143 : 21st Century: Chemistry to Life
| Parent link: | AIP Conference Proceedings Vol. 2143 : 21st Century: Chemistry to Life.— 2019.— [020039, 6 p.] |
|---|---|
| Autor Corporativo: | |
| Outros autores: | , , , , |
| Summary: | Title screen Rare earth elements (REEs) play the important role in our everyday lives, as crucial components in a range of products. In this work, the interaction between lanthanum, neodymium, gadolinium oxides and ammonium fluoride was investigated. The transformation proceeds through the formation of rare earth elements intermediate fluoride complexes with different composition formation, which is confirmed by TGA and DSC analyzes. Режим доступа: по договору с организацией-держателем ресурса |
| Idioma: | inglés |
| Publicado: |
2019
|
| Subjects: | |
| Acceso en liña: | https://doi.org/10.1063/1.5122938 |
| Formato: | MixedMaterials Electrónico Capítulo de libro |
| KOHA link: | https://koha.lib.tpu.ru/cgi-bin/koha/opac-detail.pl?biblionumber=660627 |
MARC
| LEADER | 00000naa0a2200000 4500 | ||
|---|---|---|---|
| 001 | 660627 | ||
| 005 | 20250828160543.0 | ||
| 035 | |a (RuTPU)RU\TPU\network\30313 | ||
| 090 | |a 660627 | ||
| 100 | |a 20190903d2019 k||y0engy50 ba | ||
| 101 | 0 | |a eng | |
| 135 | |a drgn ---uucaa | ||
| 181 | 0 | |a i | |
| 182 | 0 | |a b | |
| 200 | 1 | |a Study of the interaction of lanthanum, neodymium and gadolinium oxides with ammonium fluoride |f A. R. Osipov [et al.] | |
| 203 | |a Text |c electronic | ||
| 300 | |a Title screen | ||
| 320 | |a [References: 21 tit.] | ||
| 330 | |a Rare earth elements (REEs) play the important role in our everyday lives, as crucial components in a range of products. In this work, the interaction between lanthanum, neodymium, gadolinium oxides and ammonium fluoride was investigated. The transformation proceeds through the formation of rare earth elements intermediate fluoride complexes with different composition formation, which is confirmed by TGA and DSC analyzes. | ||
| 333 | |a Режим доступа: по договору с организацией-держателем ресурса | ||
| 461 | 0 | |0 (RuTPU)RU\TPU\network\4816 |t AIP Conference Proceedings | |
| 463 | |t Vol. 2143 : 21st Century: Chemistry to Life |o proceedings of the Jubilee Scientific Conference, 24–26 April 2019, Omsk, Russia |f Center of New Chemical Technologies BIC ; ed. A. V. Lavrenov |v [020039, 6 p.] |d 2019 | ||
| 610 | 1 | |a электронный ресурс | |
| 610 | 1 | |a труды учёных ТПУ | |
| 610 | 1 | |a оксид лантана | |
| 610 | 1 | |a оксид неодима | |
| 610 | 1 | |a фторид аммония | |
| 610 | 1 | |a взаимодействие | |
| 701 | 1 | |a Osipov |b A. R. | |
| 701 | 1 | |a Borisov |b V. A. | |
| 701 | 1 | |a Sigaeva |b S. S. | |
| 701 | 1 | |a Smorokov |b A. A. |c chemical engineer |c Senior Lecturer, Associate Scientist of Tomsk Polytechnic University |f 1993- |g Andrey Arkadievich |3 (RuTPU)RU\TPU\pers\33850 |9 17439 | |
| 701 | 1 | |a Kiselev |b A. D. | |
| 712 | 0 | 2 | |a Национальный исследовательский Томский политехнический университет |b Инженерная школа ядерных технологий |b Отделение ядерно-топливного цикла |3 (RuTPU)RU\TPU\col\23554 |
| 801 | 2 | |a RU |b 63413507 |c 20190903 |g RCR | |
| 856 | 4 | |u https://doi.org/10.1063/1.5122938 | |
| 942 | |c CF | ||